000 00770nam a22002177a 4500
003 UA-OsUOA
001 102614
007 ta
008 20130926b un ||||| |||| 00| 0 ukr d
100 _aМаркотенко Т.
090 _a81
_bМ26
942 _cSA
040 _aUA-OsUOA
_bukr
_cUA-OsUOA
_dUA-OsUOA
245 _aОсобливості навчання української мови учнів шкіл з російською мовою викладання
300 _aС.5-6
955 _a0
041 _aukr
080 _a81
773 0 _w102612
_tУкраїнська мова і література в школі
_dК.
_d2013
_g5
650 7 _a8 Мовознавство. Художня література. Літературознавство
_2UDC
999 _c388886
_d388886